00554nam a2200193Ia 4500082002100000100001500021245001900036250001200055260004100067300001000108440006500118504003300183650002900216650002900245650001800274650002100292650002900313700001800342 a307.720954 DUB-; aDube, S.C. 0aIndian village a5th ed. aLondonbRoutledge & Kegan Paulc1965 a248p. aInternational library of sociology and social reconstruction aIncludes index, bibliography aSocial structure - India aRural, Sociology - India aCaste - India aVillages - India aIndia - Rural conditions aSprott, W.J.H